Ateroskleróza metabolizmus, klinika a liečba : časopis Sekcie pre aterosklerózu SSKB
| Other Authors: | , |
|---|---|
| Format: | Journal |
| Language: | Slovak Czech English German |
| PhysicalDescription: | zv. obr., tab. 30 cm |
| Published: |
Košice
Huma-Lab CS
1997-2003
Košice Lekárska fakulta UPJŠ |
| ISSN: | 1335-2253 |
| Subjects: | |
| Online Access: | http://www.upjs.sk/lekarska-fakulta/fakulta/casopisy-vydavane-lf/ateroskleroza/ |
MARC
| LEADER | 00000cas a2200000 a 4500 | ||
|---|---|---|---|
| 001 | vtls001476424 | ||
| 003 | SK-MaSNL | ||
| 005 | 20260228160826.0 | ||
| 008 | 081201c19979999xo qr p 0 0b0slo | ||
| 022 | |a 1335-2253 | ||
| 035 | |a SNK000431725 | ||
| 035 | |a (SVKBB03)vtls000037426 | ||
| 040 | |a SNK |b slo |c SNK |d SVKBB |d SAVUK |e AACR2 | ||
| 041 | 0 | |a slo |a cze |a eng |a ger | |
| 044 | |a xo |c SK | ||
| 072 | 7 | |a 616 |x Patológia. Klinická medicína |2 konspekt | |
| 080 | |a 050 |2 2011 | ||
| 080 | |a 616.13-004.6 |2 2011 | ||
| 080 | |a 616-08 |2 2011 | ||
| 210 | 0 | |a Ateroskleróza |b (Košice) | |
| 222 | 0 | |a Ateroskleróza |b (Košice) | |
| 245 | 0 | 0 | |a Ateroskleróza |b metabolizmus, klinika a liečba : časopis Sekcie pre aterosklerózu SSKB |
| 246 | 1 | 3 | |a Ateroskleróza, metabolizmus, klinika a liečba |
| 246 | 1 | 1 | |a Atherosclerosis |b metabolism, clinic, treatment |
| 260 | |a Košice |b Huma-Lab CS |c 1997-2003 | ||
| 260 | 3 | |3 2004- |a Košice |b Lekárska fakulta UPJŠ | |
| 300 | |a zv. |b obr., tab. |c 30 cm | ||
| 310 | |a 2x ročne | ||
| 362 | 0 | |a Roč. 1, č. 1 (1997)- | |
| 500 | |a Podnázov od r. 2005: časopis Sekcie pre aterosklerózu SSKB a UPJŠ LF | ||
| 500 | |a Šéfredaktor: 2004-2016, Jozef Turay ; 2017-, Daniel Pella | ||
| 500 | |a Evidenčné číslo MK SR: EV - 709/08 | ||
| 504 | |a Bibliogr. | ||
| 515 | |a V roku 2003-2004 vyšli len po 2 čísla | ||
| 515 | |a Od roku 2005 vych. 4 čísla 2x v roku ako dvojčíslo | ||
| 546 | |a Čiast. text aj čes., angl., nem. | ||
| 650 | 0 | 7 | |a ateroskleróza |2 SNKPH |9 2428 |
| 650 | 0 | 7 | |a metabolizmus |2 SNKPH |9 17248 |
| 650 | 0 | 7 | |a terapia |2 SNKPH |9 781 |
| 650 | 0 | 7 | |a Atherosclerosis |2 SNKPHeng |9 267412 |
| 650 | 0 | 7 | |a Metabolism |2 SNKPHeng |9 267413 |
| 650 | 0 | 7 | |a Therapy |2 SNKPHeng |9 267006 |
| 655 | 7 | |a vedecké časopisy |2 SNKPH |9 70520 | |
| 655 | 7 | |a Scientific journals |2 SNKPHeng |9 265227 | |
| 700 | 1 | |a Turay, Jozef |4 pbd |9 267414 | |
| 700 | 1 | |a Pella, Daniel, |d 1962- |4 pbd |9 20720 | |
| 710 | 2 | |a Univerzita Pavla Jozefa Šafárika v Košiciach. |b Lekárska fakulta |4 pbl |9 118212 | |
| 852 | |a Štátna vedecká knižnica v Banskej Bystrici | ||
| 856 | 4 | 1 | |u http://www.upjs.sk/lekarska-fakulta/fakulta/casopisy-vydavane-lf/ateroskleroza/ |
| 910 | |a snk | ||
| 910 | |a svkbb | ||
| 910 | |a savuk | ||
| 916 | |a 1997-2014, 2015-2017, 2018, 2019, 2020-2021 | ||
| 999 | |c 3690 |d 5620 | ||
| 952 | |0 0 |1 0 |3 rekatalogizácia |4 0 |7 0 |a SNK |b SNK |d 2005-10-25 |i snkČSP 1047/2001 |l 0 |o snkČSB 5103/3/1999 D1 |p 17A0486601 |r 2026-02-21 19:30:13 |t č. 1-4 |w 2026-02-21 |y PREZ | ||
| 952 | |0 0 |1 0 |4 0 |7 0 |8 0 |a SNK |b SNK |d 2020-05-19 |i snk2020/8041 |l 0 |o snkČSB 5103/22/2018 D1 |p 17A1388002 |r 2026-02-21 19:57:01 |t č. 1-4 |w 2026-02-21 |y PREZ | ||
| 952 | |0 0 |1 0 |4 0 |7 0 |8 0 |a SNK |b SNK |d 2023-11-13 |i snk2023/16427 |l 0 |o snkČSB 5103/25/2021 D1 |p 17A1521312 |r 2026-02-21 19:57:53 |t č. 1-4 |w 2026-02-21 |y PREZ | ||
| 952 | |0 0 |1 0 |4 0 |7 0 |8 0 |a SNK |b SNK |d 2021-05-21 |f 1 |i snk2021/5412 |l 0 |o snkČSB 5103/23/2019 |p 17A1433832 |r 2026-02-21 19:59:03 |t č. 1-4 |w 2026-02-21 |y PREZ | ||
| 952 | |0 0 |1 0 |4 0 |7 0 |8 0 |a SNK |b SNK |d 2021-05-21 |i snk2021/5414 |l 0 |o snkČSB 5103/23/2019 D1 |p 17A1433833 |r 2026-02-21 19:59:03 |t č. 1-4 |w 2026-02-21 |y PREZ | ||
| 952 | |0 0 |1 0 |4 0 |7 0 |8 0 |a SNK |b SNK |d 2008-12-05 |f 1 |i snk2008/23149 |l 0 |o snkČSB 5103/5/2001 |p 17A0600554 |r 2026-02-21 20:07:09 |t č. 1-4 |w 2026-02-21 |y PREZ | ||
| 952 | |0 0 |1 0 |4 0 |7 0 |8 0 |a SNK |b SNK |d 2022-06-21 |f 1 |i snk2022/10195 |l 0 |o snkČSB 5103/25/2021 |p 17A1463534 |r 2026-02-21 20:12:03 |t č. 1-4 |w 2026-02-21 |y PREZ | ||
| 952 | |0 0 |1 0 |4 0 |7 0 |8 0 |a SNK |b SNK |d 2022-06-21 |f 1 |i snk2022/10199 |l 0 |o snkČSB 5103/24/2020 |p 17A1463535 |r 2026-02-21 20:12:03 |t č. 1-4 |w 2026-02-21 |y PREZ | ||
| 952 | |0 0 |1 0 |4 0 |7 0 |8 0 |a SNK |b SNK |d 2022-06-21 |i snk2022/10206 |l 0 |o snkČSB 5103/24/2020 D1 |p 17A1463536 |r 2026-02-21 20:12:03 |t č. 1-4 |w 2026-02-21 |y PREZ | ||
| 952 | |0 0 |1 0 |3 rekatalogizácia |4 0 |7 0 |a SNK |b SNK |d 2007-12-05 |f 1 |i snkČSP 1046/2001 |l 0 |o snkČSB 5103/3/1999 |p 17A0568782 |r 2026-02-21 20:21:11 |t č. 1-4 |w 2026-02-21 |y PREZ | ||
| 952 | |0 0 |1 0 |4 0 |7 0 |8 0 |a SNK |b SNK |d 2013-08-23 |i snk2013/19661 |l 0 |o snkČSB 5103/9/2005 D1 |p 17A1085361 |r 2026-02-21 20:23:21 |t č. 1-4 |w 2026-02-21 |y PREZ | ||
| 952 | |0 0 |1 0 |3 rekatalogizácia |4 0 |7 0 |a SNK |b SNK |d 2007-12-05 |f 1 |i snkČSP 1042/2001 |l 0 |o snkČSB 5103/1/1997 |p 17A0568541 |r 2026-02-21 20:29:11 |t č. 1-4 |w 2026-02-21 |y PREZ | ||
| 952 | |0 0 |1 0 |4 0 |7 0 |8 0 |a SNK |b SNK |d 2014-11-13 |i snk2014/25044 |l 0 |o snkČSB 5103/16/2012 D1 |p 17A0870534 |r 2026-02-21 20:32:47 |t č. 1-4 + Suppl. 3 |w 2026-02-21 |y PREZ | ||
| 952 | |0 0 |1 0 |4 0 |7 0 |8 0 |a SNK |b SNK |d 2008-12-05 |f 1 |i snk2008/23146 |l 0 |o snkČSB 5103/4/2000 |p 17A0600556 |r 2026-02-21 21:23:08 |t č. 1-4 |w 2026-02-21 |y PREZ | ||
| 952 | |0 0 |1 0 |4 0 |7 0 |8 0 |a SNK |b SNK |d 2008-12-05 |i snk2008/23148 |l 0 |o snkČSB 5103/4/2000 D1 |p 17A0600557 |r 2026-02-21 21:23:08 |t č. 1-4 |w 2026-02-21 |y PREZ | ||
| 952 | |0 0 |1 0 |4 0 |7 0 |8 0 |a SNK |b SNK |d 2008-12-05 |i snk2008/23150 |l 0 |o snkČSB 5103/5/2001 D1 |p 17A0600555 |r 2026-02-21 21:23:08 |t č. 1-4 |w 2026-02-21 |y PREZ | ||
| 952 | |0 0 |1 0 |4 0 |7 0 |8 0 |a SNK |b SNK |d 2008-12-05 |f 1 |i snk2008/23151 |l 0 |o snkČSB 5103/6/2002 |p 17A0600558 |r 2026-02-21 21:23:08 |t č. 1-3 |w 2026-02-21 |y PREZ | ||
| 952 | |0 0 |1 0 |4 0 |7 0 |8 0 |a SNK |b SNK |d 2008-12-05 |i snk2008/23152 |l 0 |o snkČSB 5103/6/2002 D1 |p 17A0600559 |r 2026-02-21 21:23:08 |t č. 1-3 |w 2026-02-21 |y PREZ | ||
| 952 | |0 0 |1 0 |4 0 |7 0 |8 0 |a SNK |b SNK |d 2008-12-05 |f 1 |i snk2008/23158 |l 0 |o snkČSB 5103/7/2003 |p 17A0600560 |r 2026-02-21 21:23:08 |t č. 1-3 + Suppl. |w 2026-02-21 |y PREZ | ||
| 952 | |0 0 |1 0 |4 0 |7 0 |8 0 |a SNK |b SNK |d 2008-12-05 |i snk2008/23159 |l 0 |o snkČSB 5103/7/2003 D1 |p 17A0600561 |r 2026-02-21 21:23:08 |t č. 1-3 + Suppl. |w 2026-02-21 |y PREZ | ||
| 952 | |0 0 |1 0 |4 0 |7 0 |8 0 |a SNK |b SNK |d 2008-12-05 |f 1 |i snk2008/23160 |l 0 |o snkČSB 5103/8/2004 |p 17A0600562 |r 2026-02-21 21:23:08 |t č. 1-2 |w 2026-02-21 |y PREZ | ||
| 952 | |0 0 |1 0 |4 0 |7 0 |8 0 |a SNK |b SNK |d 2008-12-05 |i snk2008/23163 |l 0 |o snkČSB 5103/8/2004 D1 |p 17A0600563 |r 2026-02-21 21:23:09 |t č. 1-2 |w 2026-02-21 |y PREZ | ||
| 952 | |0 0 |1 0 |4 0 |7 0 |8 0 |a SNK |b SNK |d 2013-08-23 |f 1 |i snk2013/19660 |l 0 |o snkČSB 5103/9/2005 |p 17A1085360 |r 2026-02-21 21:24:00 |t č. 1-4 |w 2026-02-21 |y PREZ | ||
| 952 | |0 0 |1 0 |4 0 |7 0 |8 0 |a SNK |b SNK |d 2013-08-23 |f 1 |i snk2013/19662 |l 0 |o snkČSB 5103/10/2006 |p 17A1085362 |r 2026-02-21 21:24:00 |t č. 1-4 |w 2026-02-21 |y PREZ | ||
| 952 | |0 0 |1 0 |4 0 |7 0 |8 0 |a SNK |b SNK |d 2013-08-23 |i snk2013/19663 |l 0 |o snkČSB 5103/10/2006 D1 |p 17A1085363 |r 2026-02-21 21:24:00 |t č. 1-4 |w 2026-02-21 |y PREZ | ||
| 952 | |0 0 |1 0 |4 0 |7 0 |8 0 |a SNK |b SNK |d 2013-08-23 |f 1 |i snk2013/19664 |l 0 |o snkČSB 5103/11/2007 |p 17A1085364 |r 2026-02-21 21:24:00 |t č. 1-4 |w 2026-02-21 |y PREZ | ||
| 952 | |0 0 |1 0 |4 0 |7 0 |8 0 |a SNK |b SNK |d 2013-08-23 |i snk2013/19665 |l 0 |o snkČSB 5103/11/2007 D1 |p 17A1085365 |r 2026-02-21 21:24:00 |t č. 1-4 |w 2026-02-21 |y PREZ | ||
| 952 | |0 0 |1 0 |4 0 |7 0 |8 0 |a SNK |b SNK |d 2013-08-23 |f 1 |i snk2013/19666 |l 0 |o snkČSB 5103/12/2008 |p 17A1085366 |r 2026-02-21 21:24:00 |t č. 1-4 |w 2026-02-21 |y PREZ | ||
| 952 | |0 0 |1 0 |4 0 |7 0 |8 0 |a SNK |b SNK |d 2013-08-23 |i snk2013/19667 |l 0 |o snkČSB 5103/12/2008 D1 |p 17A1085367 |r 2026-02-21 21:24:00 |t č. 1-4 |w 2026-02-21 |y PREZ | ||
| 952 | |0 0 |1 0 |4 0 |7 0 |8 0 |a SNK |b SNK |d 2013-08-23 |f 1 |i snk2013/19668 |l 0 |o snkČSB 5103/13/2009 |p 17A1085368 |r 2026-02-21 21:24:03 |t č. 1-4 |w 2026-02-21 |y PREZ | ||
| 952 | |0 0 |1 0 |4 0 |7 0 |8 0 |a SNK |b SNK |d 2013-08-23 |i snk2013/19669 |l 0 |o snkČSB 5103/13/2009 D1 |p 17A1085369 |r 2026-02-21 21:24:03 |t č. 1-4 |w 2026-02-21 |y PREZ | ||
| 952 | |0 0 |1 0 |4 0 |7 0 |8 0 |a SNK |b SNK |d 2013-08-23 |f 1 |i snk2013/19670 |l 0 |o snkČSB 5103/14/2010 |p 17A1085370 |r 2026-02-21 21:24:03 |t č. 1-4 |w 2026-02-21 |y PREZ | ||
| 952 | |0 0 |1 0 |4 0 |7 0 |8 0 |a SNK |b SNK |d 2013-08-23 |i snk2013/19671 |l 0 |o snkČSB 5103/14/2010 D1 |p 17A1085371 |r 2026-02-21 21:24:03 |t č. 1-4 |w 2026-02-21 |y PREZ | ||
| 952 | |0 0 |1 0 |4 0 |7 0 |8 0 |a SNK |b SNK |d 2013-08-23 |f 1 |i snk2013/19672 |l 0 |o snkČSB 5103/15/2011 |p 17A1085372 |r 2026-02-21 21:24:03 |t č. 1-4 |w 2026-02-21 |y PREZ | ||
| 952 | |0 0 |1 0 |4 0 |7 0 |8 0 |a SNK |b SNK |d 2013-08-23 |i snk2013/19673 |l 0 |o snkČSB 5103/15/2011 D1 |p 17A1085373 |r 2026-02-21 21:24:03 |t č. 1-4 |w 2026-02-21 |y PREZ | ||
| 952 | |0 0 |1 0 |4 0 |7 0 |8 0 |a SNK |b SNK |d 2013-08-23 |f 1 |i snk2013/19674 |l 0 |o snkČSB 5103/16/2012 |p 17A1085374 |r 2026-02-21 21:24:03 |t č. 1-4 + Suppl. |w 2026-02-21 |y PREZ | ||
| 952 | |0 0 |1 0 |4 0 |7 0 |a SNK |b SNK |d 2013-10-30 |f 1 |i snkČSP 1044/2001 |l 0 |o snkČSB 5103/2/1998 |p 17A0896683 |r 2026-02-21 21:42:59 |t č. 1-4 |w 2026-02-21 |y PREZ | ||
| 952 | |0 0 |1 0 |4 0 |7 0 |8 0 |a SNK |b SNK |d 2015-06-10 |f 1 |i snk2015/18032 |l 0 |o snkČSB 5103/17/2013 |p 17A1143982 |r 2026-02-21 21:45:11 |t č. 1-4 |w 2026-02-21 |y PREZ | ||
| 952 | |0 0 |1 0 |4 0 |7 0 |8 0 |a SNK |b SNK |d 2015-06-10 |f 1 |i snk2015/18034 |l 0 |o snkČSB 5103/18/2014 |p 17A1143981 |r 2026-02-21 21:45:12 |t č. 1-4 |w 2026-02-21 |y PREZ | ||
| 952 | |0 0 |1 0 |4 0 |7 0 |8 0 |a SNK |b SNK |d 2016-08-09 |i snk2016/18914 |l 0 |o snkČSB 5103/18/2014 D1 |p 17A1202528 |r 2026-02-21 21:54:43 |t č. 1-4 |w 2026-02-21 |y PREZ | ||
| 952 | |0 0 |1 0 |4 0 |7 0 |8 0 |a SNK |b SNK |d 2019-10-11 |f 1 |i snk2019/25843 |l 0 |o snkČSB 5103/22/2018 |p 17A1383710 |r 2026-02-21 22:00:03 |t č. 1-4 |w 2026-02-21 |y PREZ | ||
| 952 | |0 0 |1 0 |4 0 |7 0 |8 0 |a SNK |b SNK |d 2018-05-21 |f 1 |i snk2018/10944 |l 0 |o snkČSB 5103/19/2015 |p 17A1326133 |r 2026-02-21 22:05:11 |t č. 1-4 |w 2026-02-21 |y PREZ | ||
| 952 | |0 0 |1 0 |4 0 |7 0 |8 0 |a SNK |b SNK |d 2018-05-21 |i snk2018/10965 |l 0 |o snkČSB 5103/19/2015 D1 |p 17A1326134 |r 2026-02-21 22:05:32 |t č. 1-4, neúplné |w 2026-02-21 |y PREZ |z Chýba č. 3-4 | ||
| 952 | |0 0 |1 0 |4 0 |7 0 |8 0 |a SNK |b SNK |d 2018-05-21 |f 1 |i snk2018/10966 |l 0 |o snkČSB 5103/20/2016 |p 17A1326135 |r 2026-02-21 22:05:32 |t č. 1-4 |w 2026-02-21 |y PREZ | ||
| 952 | |0 0 |1 0 |4 0 |7 0 |8 0 |a SNK |b SNK |d 2018-05-21 |i snk2018/10967 |l 0 |o snkČSB 5103/20/2016 D1 |p 17A1326136 |r 2026-02-21 22:05:32 |t č. 1-4 |w 2026-02-21 |y PREZ | ||
| 952 | |0 0 |1 0 |4 0 |7 0 |8 0 |a SNK |b SNK |d 2018-05-21 |f 1 |i snk2018/10972 |l 0 |o snkČSB 5103/21/2017 |p 17A1326137 |r 2026-02-21 22:05:33 |t č. 1-4 |w 2026-02-21 |y PREZ | ||
| 952 | |0 0 |1 0 |4 0 |7 0 |8 0 |a SNK |b SNK |d 2020-02-10 |i snk2020/3070 |l 0 |o snkČSB 5103/21/2017 D1 |p 17A1386347 |r 2026-02-21 22:22:54 |t č. 1-4 |w 2026-02-21 |y PREZ | ||


